Rebel Land (Record no. 574556)

MARC details
000 -LEADER
fixed length control field 00666nam a2200169Ia 4500
008 - FIXED-LENGTH DATA ELEMENTS--GENERAL INFORMATION
fixed length control field 250702s9999 xx 000 0 und d
020 ## - INTERNATIONAL STANDARD BOOK NUMBER
ISBN 9780747596769
082 ## - DEWEY DECIMAL CLASSIFICATION NUMBER
Classification number 915.6044
Item number LAN
100 ## - MAIN ENTRY--AUTHOR NAME
Personal name De Bellaigue, Christopher
245 #0 - TITLE STATEMENT
Title Rebel Land
260 ## - PUBLICATION, DISTRIBUTION, ETC. (IMPRINT)
Name of publisher Bloomsbury Paperbacks
Year of publication 2010
300 ## - PHYSICAL DESCRIPTION
Number of Pages 270 pages
500 ## - GENERAL NOTE
General note This book is a compellingly personal account of one man's search into the past, as de Bellaigue applies his investigative flair and fluent Turkish to unlock jealously-guarded taboos and hold humanity's excesses up to the light of a very modern sensibility.
650 ## - SUBJECT ADDED ENTRY--TOPICAL TERM
Topical Term Varto (Turkey)
942 ## - ADDED ENTRY ELEMENTS (KOHA)
Koha item type English Books
Holdings
Withdrawn status Lost status Damaged status Not for loan Home library Current library Shelving location Date acquired Full call number Accession Number Price effective from Koha item type
        Anna Centenary Library Anna Centenary Library 7TH FLOOR, B WING 02.07.2025 915.6044 LAN 436520 02.07.2025 English Books

Find us on the map